Demänovská dolina

Zobrazenie: Štyri čiastkové pohľady, každý v bielom orámovaní, všetky spolu v strieborno-bielom orámovaní. V prvom pohľade je vpravo hore vodorovne červeným písmom názov. Pohľad na trávnatý hrebeň hory, uprostred s vyšliapanou cestičkou. Vpravo v popredí je turistická značka. Pohľad na potok v popre...

Full description

Bibliographic Details
Other Authors: Bero, Rastislav, 1935- (Photographer), Zibrin, Zdeno (fotograf) (Photographer), Chrenko, M. (fotograf) (Photographer), Staněk, Oldřich, 1914-2005 (Photographer)
Format: Photo
Language:Slovak
PhysicalDescription:1 pohľadnica (4 čiastkové pohľady) farebná 15 x 11 cm
Published: Bratislava ČSTK-Pressfoto 1990
Subjects:

MARC

LEADER 00000ckm a2200000 a 4500
001 vtls001205314
003 SK-MaSNL
005 20260331203014.0
007 kf co
008 160414s1990 xo g 0kuslo
015 |a SNBG1990 
035 |a SNK000148384 
040 |a SNK  |b slo  |c SNK  |e AACR2 
041 0 |a slo 
043 |a e-xo--- 
044 |a xo  |c SK 
072 7 |a 908(437)  |x Vlastiveda Česka a Slovenska  |2 konspekt 
080 |a 913(437.6)  |2 2011 
080 |a 908(437.6)  |2 2011 
080 |a (084.121)  |2 2011 
080 |a 908.234.372.4(084.121)  |2 1981 
080 |a 911.2(23.0)  |2 2011 
080 |a 796.5:625.745.6  |2 2011 
080 |a 640.43  |2 2011 
080 |a 556.524  |2 2011 
080 |a 630*10  |2 2011 
080 |a 551.435.4  |2 2011 
080 |a 728.5  |2 2011 
100 1 |a Bero, Rastislav,  |d 1935-  |4 pht  |9 151372 
245 1 0 |a Demänovská dolina  |c foto: R. Bero, Z. Zibrin, M. Chrenko, O. Staněk ; grafický návrh: S. Štubňa 
246 1 |i Názov na adresnej časti:  |a Pohľad na vrchol Chopka a Koňsko 
246 1 |i Názov na adresnej časti:  |a Reštaurácia pri Demänovskej jaskyni Slobody 
246 1 |i Názov na adresnej časti:  |a Repiská 
246 1 |i Názov na adresnej časti:  |a Chata Odboj 
260 |a Bratislava  |b ČSTK-Pressfoto  |c 1990  |e Skalica  |f Grafobal 
300 |a 1 pohľadnica (4 čiastkové pohľady)  |b farebná  |c 15 x 11 cm 
500 |a Názvové údaje prevzaté z obrazovej časti pohľadnice 
520 8 |a Zobrazenie: Štyri čiastkové pohľady, každý v bielom orámovaní, všetky spolu v strieborno-bielom orámovaní. V prvom pohľade je vpravo hore vodorovne červeným písmom názov. Pohľad na trávnatý hrebeň hory, uprostred s vyšliapanou cestičkou. Vpravo v popredí je turistická značka. Pohľad na potok v popredí, za ním je vľavo cesta pred reštauráciou. Za reštauráciou je hustý ihličnatý les. Vpravo je hneď za potokom nízka búdka a vpravo pred ňou jeden človek. Vpravo od neho sú dve tabule a most. Pohľad na horský potok, Vľavo je trávnatá plocha s kríkmi a mladými ihličnatými stromami. V pozadí je hustý les a vľavo vysoké skalnaté hory. Pohľad na horskú chatu vpravo v pozadí za cestou. Vľavo v popredí je trávnatá plocha popri ceste. Vpravo za chatou je vysoká, husto zalesnená hora 
650 0 7 |a hory  |2 SNKPH  |9 55651 
650 0 7 |a turistické značenie  |2 SNKPH  |9 113621 
650 0 7 |a reštaurácie  |2 SNKPH  |9 23080 
650 0 7 |a potoky  |2 SNKPH  |9 31771 
650 0 7 |a lesy  |2 SNKPH  |9 1437 
650 0 7 |a skalné útvary  |2 SNKPH  |9 115197 
650 0 7 |a horské chaty  |2 SNKPH  |9 98865 
651 7 |a Demänovská dolina (Slovensko)  |2 SNKPHgeo  |9 67586 
655 7 |a geografické pohľadnice  |2 SNKPH  |9 70522 
700 1 |a Zibrin, Zdeno  |c (fotograf)  |4 pht  |9 283305 
700 1 |a Chrenko, M.  |c (fotograf)  |4 pht  |9 340054 
700 1 |a Staněk, Oldřich,  |d 1914-2005  |4 pht  |9 121989 
700 1 |a Štubňa, Stanislav  |c (grafik)  |4 art  |9 283307 
958 |a GBN 
958 |a GC 
958 |a OND 
999 |c 857913  |d 859843 
952 |a SNK  |b SNK  |y PREZ  |7 0  |p 17A1290782  |o snkSP 142280  |i snk2047/90  |0 0  |1 0  |4 0  |d 2021-06-29  |f 1  |l 0  |r 2026-02-24 05:02:30  |w 2026-02-24 
952 |t P60, <04>, [BOOK], {604}  |a SNK  |b SNK  |y PREZ  |7 0  |p 17A0133293  |o snkSP 142280 D1  |i snk2048/90  |0 0  |1 0  |4 0  |d 1999-12-11  |l 0  |r 2005-01-01 00:00:00  |w 2026-02-24